000
00419nam a2200145Ia 4500
008
100122s9999 xx 000 0 und d
082
_b
17189
_a
658
100
_a
जोशी य शं
245
_a
कारखानदारी
260
_b
उद्यम प्रकाशन
_c
1962
300
_a
235
630
_a
कारखानदारी
730
_a
कारखानदारी
942
_c
BOOK
999
_c
406989
_d
406986